Синтез и некоторые свойства трихлороникелата (II) аммония; Химическая технология; № 3

Dades bibliogràfiques
Parent link:Химическая технология: ежемесячный производственный, научно-технический, информационно-аналитический и учебно-методический журнал/ ООО "Наука и технология".— , 2000-
№ 3.— 2014.— [С. 143-146]
Autor corporatiu: Национальный исследовательский Томский политехнический университет (ТПУ) Физико-технический институт (ФТИ) Кафедра химической технологии редких, рассеянных и радиоактивных элементов (№ 43) (ХТРЭ)
Altres autors: Жилина О. В. Ольга Владимировна, Дьяченко А. Н. Александр Николаевич, Козик В. В. Владимир Васильевич, Крайденко Р. И. Роман Иванович
Sumari:Заглавие с экрана
Методом вакуумного выпаривания спиртового раствора хлорида аммония и хлорида никеля (II) синтезирован трихлороникелат (II) аммония. Соединение идентифицировано методами РФА и ИК-спектроскопией. Установлено, что температура начала термодеструкции трихлороникелата (II) аммония составляет 178 °C. Энергии активации процесса термодетрукции в интервале температур 178-315 °C составляет 37,43 кДж/моль.
Режим доступа: по договору с организацией-держателем ресурса
Idioma:rus
Publicat: 2014
Matèries:
Accés en línia:http://elibrary.ru/item.asp?id=21247595
Format: MixedMaterials Electrònic Capítol de llibre
KOHA link:https://koha.lib.tpu.ru/cgi-bin/koha/opac-detail.pl?biblionumber=639962

MARC

LEADER 00000naa0a2200000 4500
001 639962
005 20250227155335.0
035 |a (RuTPU)RU\TPU\network\4492 
035 |a RU\TPU\network\2664 
090 |a 639962 
100 |a 20150406d2014 k||y0rusy50 ca 
101 0 |a rus 
102 |a RU 
135 |a drnn ---uucaa 
181 0 |a i  
182 0 |a b 
200 1 |a Синтез и некоторые свойства трихлороникелата (II) аммония  |f О. В. Жилина, А. Н. Дьяченко, В. В. Козик, Р. И. Крайденко 
203 |a Текст  |c электронный 
300 |a Заглавие с экрана 
320 |a [Библиогр.: с. 146 (5 назв.)] 
330 |a Методом вакуумного выпаривания спиртового раствора хлорида аммония и хлорида никеля (II) синтезирован трихлороникелат (II) аммония. Соединение идентифицировано методами РФА и ИК-спектроскопией. Установлено, что температура начала термодеструкции трихлороникелата (II) аммония составляет 178 °C. Энергии активации процесса термодетрукции в интервале температур 178-315 °C составляет 37,43 кДж/моль. 
333 |a Режим доступа: по договору с организацией-держателем ресурса 
461 |t Химическая технология  |o ежемесячный производственный, научно-технический, информационно-аналитический и учебно-методический журнал   |f ООО "Наука и технология"  |d 2000- 
463 |t № 3  |v [С. 143-146]  |d 2014 
610 1 |a электронный ресурс 
610 1 |a труды учёных ТПУ 
610 1 |a аммоний 
610 1 |a никелаты 
610 1 |a синтез 
610 1 |a деструкция 
610 1 |a энергия активации 
610 1 |a неорганический синтез 
610 1 |a растворимость 
610 1 |a гидролиз 
610 1 |a термодеструкция 
701 1 |a Жилина  |b О. В.  |c химик-технолог  |c инженер Томского политехнического университета  |g Ольга Владимировна  |3 (RuTPU)RU\TPU\pers\30226  |9 14606 
701 1 |a Дьяченко  |b А. Н.  |c химик-технолог  |c профессор Томского политехнического университета, доктор технических наук  |f 1977-  |g Александр Николаевич  |3 (RuTPU)RU\TPU\pers\27691  |9 12765 
701 1 |a Козик  |b В. В.  |c химик-технолог  |c профессор-консультант Юргинского технологического института Томского политехнического университета  |f 1947-  |g Владимир Васильевич  |3 (RuTPU)RU\TPU\pers\31583  |9 15743 
701 1 |a Крайденко  |b Р. И.  |c химик-технолог  |c доцент Томского политехнического университета, старший научный сотрудник, кандидат химических наук  |f 1983-  |g Роман Иванович  |3 (RuTPU)RU\TPU\pers\26383  |9 12105 
712 0 2 |a Национальный исследовательский Томский политехнический университет (ТПУ)  |b Физико-технический институт (ФТИ)  |b Кафедра химической технологии редких, рассеянных и радиоактивных элементов (№ 43) (ХТРЭ)  |3 (RuTPU)RU\TPU\col\18733 
801 2 |a RU  |b 63413507  |c 20230131  |g RCR 
856 4 |u http://elibrary.ru/item.asp?id=21247595 
942 |c CF